[Event "FRA Top 16 Higher Pool U16"]
[Site "France"]
[Date "2022.06.04"]
[Round "1.4"]
[White "Thill Solente, Gabriel"]
[Black "Grulier, Ernest"]
[Result "1/2-1/2"]
[WhiteElo "1802"]
[BlackElo "1607"]
[PlyCount "100"]
[EventDate "2022.06.04"]
[EventType "tourn"]
[EventRounds "4"]
[EventCountry "FRA"]
[SourceTitle "EXT 2023"]
[Source "ChessBase"]
[SourceDate "2022.10.05"]
[SourceVersion "1"]
[SourceVersionDate "2022.10.05"]
[SourceQuality "1"]

1. e4 c5 2. Nf3 d6 3. d4 cxd4 4. Nxd4 Nf6 5. Nc3 a6 6. g3 e5 7. Nde2 Be7 8. Bg2 0-0 9. 0-0 Qc7 10. Be3 b5 11. h3 Bb7 12. f4 Nbd7 13. Nd5 Bxd5 14. exd5 exf4 15. Nxf4 Rac8 16. c3 Qb8 17. Bd4 Bd8 18. Nh5 Nxh5 19. Qxh5 Bb6 20. Rad1 Ne5 21. Kh2 Bxd4 22. Rxd4 Rc4 23. Rff4 Rxd4 24. Rxd4 g6 25. Qh6 Qa7 26. Qf4 Re8 27. Qf6 Qe7 28. Qxe7 Rxe7 29. a4 Rb7 30. axb5 Rxb5 31. b4 a5 32. bxa5 Rxa5 33. Rd2 Rc5 34. Rc2 Kf8 35. Kg1 Nc4 36. Kf2 Nb6 37. Rb2 Nxd5 38. Rd2 Nxc3 39. Rxd6 Nb5 40. Rd2 Nc7 41. Be4 Ne6 42. h4 Rc8 43. Ke3 Rc3+ 44. Rd3 Rc1 45. Bf3 Ke7 46. Kf2 Rc2+ 47. Be2 Kf6 48. Rf3+ Ke7 49. Rd3 Kf6 50. Rf3+ Ke7 1/2-1/2

[Event "FRA-chT U16"]
[Site "Sautron"]
[Date "2018.05.19"]
[Round "1.7"]
[White "Thill Solente, Gabriel"]
[Black "Baldandorj, Telmen"]
[Result "1-0"]
[WhiteElo "1372"]
[BlackElo "1438"]
[PlyCount "124"]
[EventDate "2018.05.19"]
[EventType "team-match"]
[EventRounds "5"]
[EventCountry "FRA"]
[SourceTitle "EXT 2019"]
[Source "ChessBase"]
[SourceDate "2018.10.10"]
[SourceVersion "1"]
[SourceVersionDate "2018.10.10"]
[SourceQuality "1"]

1. e4 c5 2. Nf3 e6 3. d4 cxd4 4. Nxd4 Nf6 5. Nc3 Nc6 6. Be3 Bb4 7. Qd2 Nxe4 8. Nxc6 bxc6 9. Qd4 Bxc3+ 10. bxc3 Nf6 11. g4 h6 12. Bg2 d5 13. h3 g5 14. h4 Rg8 15. hxg5 hxg5 16. Rh6 Nd7 17. Rh8 Rf8 18. Qg7 Qe7 19. Bxg5 f6 20. Rxf8+ Qxf8 21. Qxf8+ Kxf8 22. Bf4 e5 23. Be3 Ba6 24. g5 fxg5 25. Bxg5 Kf7 26. Be3 Rg8 27. Bh3 Rg1+ 28. Kd2 Rxa1 29. Bxd7 c5 30. Bxc5 Rxa2 31. Bxa7 Bc4 32. Be3 Bb3 33. Bc6 Rxc2+ 34. Kd3 Ra2 35. Bc5 Bc4+ 36. Ke3 Ke6 37. f4 e4 38. Bb7 Re2+ 39. Kd4 Rd2+ 40. Ke3 Rd3+ 41. Kf2 Rxc3 42. Bf8 Rf3+ 43. Kg2 Rxf4 44. Bh6 Rg4+ 45. Kh2 Rh4+ 46. Kg3 Rxh6 47. Kf2 Kf5 48. Ke3 Rh3+ 49. Kd4 e3 50. Bc8+ Kf4 51. Bxh3 e2 52. Be6 e1Q 53. Bxd5 Bxd5 54. Kxd5 Qe5+ 55. Kc4 Qd6 56. Kc3 Qd5 57. Kb4 Qc6 58. Kb3 Ke4 59. Kb4 Kd4 60. Ka5 Qb7 61. Ka4 Kc4 62. Ka5 Qb5# 1-0